00553nam a22001817a 4500003001100000005001700011008004100028020001500069040003900084041000800123082001300131100002000144245005600164260007000220300003000290650002800320650002300348LK-CoMWRAF20231215154446.0231027b1987 |||||||| |||| 00| 0 eng d a1870634012 aLK-CoMWRAFdLK-CoMWRAFeLK-CoMWRAF aeng a923bTHA aThawfeeq, M. M. aMemories of a physician politician Dr. M.C.M.Kaleel aSouth Croydon:bMarina Academy and Supplies International, c1986 a xv,191p. : ill., ; 21cm. aPOLITICIANS-Biographies aPolitics-Sri Lanka